Tour de France 2024 - Top 30 au classement général - Statistiques

Statistiques générales
  • Ce quiz a été pris 512 fois
  • Le résultat moyen est 20 sur 30
Statistiques - réponses
# Coureur Équipe Temps % Correct
2 Jonas Vingegaard Team Visma / Lease a bike +6:17m
100%
1 Tadej Pogačar UAE Team Emirates 83:38:56h
100%
3 Remco Evenepoel Soudal - Quick Step +9:18m
96%
6 Adam Yates UAE Team Emirates +24:07m
93%
12 Simon Yates Team Jayco AlUla +39:04m
93%
13 Guillaume Martin Cofidis +43:49m
86%
5 Mikel Landa Soudal - Quick Step +20:06m
86%
7 Carlos Rodriguez Ineos Grenadiers +25:04m
85%
4 João Almeida UAE Team Emirates +19:03m
85%
17 Richard Carapaz EF Education-EasyPost +49:24m
82%
30 Romain Bardet Team dsm-firmenich PostNL +2:04:25h
79%
8 Matteo Jorgenson Team Visma / Lease a bike +26:34m
77%
14 Felix Gall Decathlon AG2R La Mondiale Team +46:12m
75%
19 Enric Mas Movistar Team +1:11:05h
74%
11 Giulio Ciccone Lidl-Trek +30:42m
73%
9 Derek Gee Israel - Premier Tech +27:21m
67%
29 Egan Bernal Ineos Grenadiers +2:03:50h
61%
18 Jai Hindley Red Bull - Bora - Hansgrohe +57:04m
61%
10 Santiago Buitrago Bahrain Victorious +29:03m
60%
16 Steff Cras TotalEnergies +49:18m
59%
25 Valentin Madouas Groupama-FDJ +1:51:59h
56%
20 Louis Meintjes Intermarché-Wanty +1:11:50h
49%
21 Wilco Kelderman Team Visma / Lease a bike +1:23:11h
47%
27 Ben Healy EF Education-EasyPost +1:56:12h
42%
15 Laurens de Plus Ineos Grenadiers +46:24m
39%
22 Julien Bernard Lidl-Trek +1:37:15h
38%
26 Ilan Van Wilder Soudal - Quick Step +1:54:30h
35%
28 Jordan Jegat TotalEnergies +2:02:36h
25%
24 Carlos Verona Lidl-Trek +1:47:13h
24%
23 Javier Romo Movistar Team +1:42:26h
21%
Aucun quiz correspondant
Distribution des résultats
% des personnes avec chaque résultat
Percentile par nombre de réponses
Votre historique - résultats
Vous n’avez pas pris ce quiz